000
00264nam a2200109Ia 4500
001
1263262
005
20260417141901.0
008
260417s9999 xx 000 0 und d
020
_a
9786051852287
245
0
_a
Hüzün
_c
Ayşe Kulin
260
_b
Everest Yayınları
999
_c
1263262
_d
1263262